000 00652nam a2200217Ia 4500
003 GCL
008 140319s9999 xx 000 0 ara d
040 _aGCL /
_cGCL
082 0 4 _a213
_bع ا
100 1 _aعبداللطيف حمزة
245 1 0 _aالاعلام فى صدر الاسلام /
_cعبداللطيف حمزة
260 _aالقاهرة :
_bدار الفكر العربى
300 _a263 ص ؛
_c24 سم
490 _a
650 0 4 _aالاسلام - دعوة
650 0 4 _aالدعوة والدعاة
650 0 4 _aالاتصال
650 0 4 _aالاعلام
650 0 4 _aالخلفاء الراشدون
942 _2ddc
_cBK
999 _c38871
_d38871